000 00629cam a22002171 4500
001 sa 68001133
003 DLC
005 20260227112430.0
008 710903s1967 ii a 00010 eng
010 _asa 68001133 //r85
025 _aPL480:I-E-9321
043 _aa-ii---
050 0 _aNC1719.M5
_bA45
082 _a817
100 1 0 _aMiranda, Mario de.
245 1 0 _aSketch book,
_cby Mario.
260 0 _a[Bombay,
_bPearl Publications; sole distributors: India Book House
_c[1967]
300 _a1 v. (unpaged)
_billus.
_c19 x 25 cm.
350 _aRs5
651 0 _aIndia
_xSocial life and customs
_xCaricatures and cartoons.
999 _c77730
_d77730